十个shopping mall的诞生.

Bibliographic Details
Main Author: design, J2.
Format: eBook
Language:Chinese
Published: Huazhong : Huazhong University of Science and Technology Press, 2015.
Edition:1st ed.
Subjects:
Online Access:Click to View
LEADER 01715nam a22003613i 4500
001 EBC4457890
003 MiAaPQ
005 20231204023213.0
006 m o d |
007 cr cnu||||||||
008 231204s2015 xx o ||||0 chi d
020 |a 9787568004909  |q (electronic bk.) 
035 |a (MiAaPQ)EBC4457890 
035 |a (Au-PeEL)EBL4457890 
035 |a (CaPaEBR)ebr11186927 
035 |a (OCoLC)946310424 
040 |a MiAaPQ  |b eng  |e rda  |e pn  |c MiAaPQ  |d MiAaPQ 
100 1 |a design, J2. 
245 1 0 |a 十个shopping mall的诞生. 
250 |a 1st ed. 
264 1 |a Huazhong :  |b Huazhong University of Science and Technology Press,  |c 2015. 
264 4 |c {copy}2015. 
300 |a 1 online resource (284 pages) 
336 |a text  |b txt  |2 rdacontent 
337 |a computer  |b c  |2 rdamedia 
338 |a online resource  |b cr  |2 rdacarrier 
505 0 |a Intro -- LH1374-P002 L12 R1 -- LH1374-P003 L12 R1 -- LH1374-P011 L12 R1 -- LH1374-P031 L12 R1 -- LH1374-P061 L12 R1 -- LH1374-P083 L12 R1 -- LH1374-P117 L12 R1 -- LH1374-P141 L12 R1 -- LH1374-P167 L12 R1 -- LH1374-P195 L12 R1 -- LH1374-P225 L12 R1 -- LH1374-P253 L12 R1. 
588 |a Description based on publisher supplied metadata and other sources. 
590 |a Electronic reproduction. Ann Arbor, Michigan : ProQuest Ebook Central, 2023. Available via World Wide Web. Access may be limited to ProQuest Ebook Central affiliated libraries.  
655 4 |a Electronic books. 
776 0 8 |i Print version:  |a design, J2  |t 十个shopping mall的诞生  |d Huazhong : Huazhong University of Science and Technology Press,c2015 
797 2 |a ProQuest (Firm) 
856 4 0 |u https://ebookcentral.proquest.com/lib/matrademy/detail.action?docID=4457890  |z Click to View